[Event "SVR-op"]
[Site "Heimbach Weis"]
[Date "2014.04.17"]
[Round "5"]
[White "Boos, Robin"]
[Black "Teper, Esra"]
[Result "1-0"]
[WhiteElo "1362"]
[BlackElo "790"]
[PlyCount "59"]
[EventDate "2014.04.11"]
[EventType "swiss"]
[EventRounds "7"]
[EventCountry "GER"]
[SourceTitle "CBM 160 Extra"]
[Source "ChessBase"]
[SourceDate "2014.07.01"]
[SourceVersion "1"]
[SourceVersionDate "2014.07.01"]
[SourceQuality "1"]

1. e4 g6 2. d4 Nf6 3. Nc3 d6 4. Bc4 Bg7 5. h3 0-0 6. Nf3 c5 7. d5 Nbd7 8. 0-0 Ne5 9. Nxe5 dxe5 10. Qf3 b6 11. Rd1 Bb7 12. Bg5 Qc7 13. Rd2 Rad8 14. Rad1 Rd7 15. d6 Qc6 16. Bb5 Qc8 17. Bxd7 Qxd7 18. dxe7 Qxe7 19. Nd5 Bxd5 20. exd5 Qd6 21. Bxf6 Bxf6 22. Qa3 Re8 23. Qxa7 e4 24. Qa4 Re5 25. Qc6 Qe7 26. d6 Qe6 27. Qa8+ Kg7 28. d7 Rg5 29. d8Q e3 30. Qf8# 1-0

[Event "Rheinland Pfalz op 4th"]
[Site "Altenkirchen"]
[Date "2012.06.07"]
[Round "1"]
[White "Jordans, Ralph"]
[Black "Boos, Robin"]
[Result "1-0"]
[WhiteElo "1908"]
[BlackElo "993"]
[PlyCount "55"]
[EventDate "2012.06.07"]
[EventType "swiss"]
[EventRounds "7"]
[EventCountry "GER"]
[SourceTitle "CBM 148 Extra"]
[Source "ChessBase"]
[SourceDate "2012.06.22"]
[SourceVersion "1"]
[SourceVersionDate "2012.06.22"]
[SourceQuality "1"]

1. c4 e5 2. g3 Nf6 3. Bg2 Bc5 4. Nf3 Nc6 5. e3 e4 6. Ng5 Qe7 7. a3 h6 8. Nh3 d6 9. Nc3 0-0 10. Qc2 Bxh3 11. Bxh3 Rfe8 12. Bg2 a6 13. b4 Bb6 14. Bb2 Rad8 15. 0-0 Qe6 16. Ne2 Ba7 17. Rac1 Nb8 18. Nf4 Qe7 19. Bxf6 Qxf6 20. Nd5 Qf5 21. Nxc7 Re7 22. Nd5 Ree8 23. Nc3 Re5 24. Bxe4 Qh3 25. Bg2 Qf5 26. Qxf5 Rxf5 27. Bxb7 Rd7 28. Bc8 1-0